History Quiz

Random History or Clickable Quiz

Ch 8 Quiz Stats

 Plays Quiz not verified by Sporcle

Challenge
Share
Tweet
Embed
Score 0/15 Timer 05:00
0 Plays Today
% Correct
Rights
100%
Raise new taxes.
100%
Ships, towns, homes
100%
1453
100%
British and French.
100%
17
100%
Witchcraft.
100%
Martyr.
100%
% Correct
1154
91.7%
Vikings
91.7%
Obey the Law.
91.7%
Spain and France.
91.7%
Jews.
91.7%
1337
91.7%
1086
75%

You're not logged in!

Compare scores with friends on all Sporcle quizzes.
OR
Log In

You Might Also Like...

Show Comments

Extras

Top Quizzes Today


Score Distribution

Your Account Isn't Verified!

In order to create a playlist on Sporcle, you need to verify the email address you used during registration. Go to your Sporcle Settings to finish the process.

Report this User

Report this user for behavior that violates our Community Guidelines.

Details: